Missing Word: Reese Witherspoon Quiz Stats

Quiz Updated Mar 5, 2016

Challenge
Share
Tweet
Embed
Score 0/10 Timer 01:00
0 Plays Today
Title Missing Word % Correct
Sweet Home _____Alabama
98.8%
_____ BlondeLegally
92.1%
_____ the LineWalk
87.3%
Monsters vs _____Aliens
86.1%
_____ IntentionsCruel
72.7%
_____ FairVanity
60.3%
The Importance of Being _____Earnest
55%
The Man in the _____Moon
52.8%
Four _____Christmases
30%
Just Like _____Heaven
22.8%

Today's Daily Dose

You're not logged in!

Compare scores with friends on all Sporcle quizzes.
Join for Free
OR
Log In

You Might Also Like...

Show Comments

Extras

Top Quizzes Today


Score Distribution

Your Account Isn't Verified!

In order to create a playlist on Sporcle, you need to verify the email address you used during registration. Go to your Sporcle Settings to finish the process.

Report this User

Report this user for behavior that violates our Community Guidelines.

Details: